| 000 | 01804nam a2200349 i 4500 | ||
|---|---|---|---|
| 001 | 000032507 | ||
| 003 | DO-SdBNP | ||
| 005 | 20241018110806.0 | ||
| 007 | ta | ||
| 008 | 110125s1972 dr 000 0 spa d | ||
| 040 |
_aDO-SdBNP _bspa _cBNPHU _erda |
||
| 082 | 4 |
_a100 _bA256f, 1972 _222 |
|
| 100 | 1 |
_aAfanasiev, Víctor, _9844 _eautor _4aut. |
|
| 245 | 1 | 0 |
_aFundamentos de filosofía / _cV. Afanasiev ; traductor, V. Uribes. |
| 250 | _aSegunda edición dominicana | ||
| 264 | 4 |
_aSanto Domingo : _bEditora Taller, _c1972. |
|
| 300 |
_a191 páginas ; _c22 cm. |
||
| 336 |
_atexto _btxt _2rdacontent |
||
| 337 |
_asin mediación _bn _2rdamedia |
||
| 338 |
_avolumen _bnc _2rdacarrier |
||
| 490 | 1 |
_aBiblioteca Taller _v16 |
|
| 500 | _aIncluye referencias bibliográficas y notas al pie de las páginas | ||
| 505 | 0 |
_aLa filosofía como ciencia -- _tLa lucha entre el materialismo y el idealismo en la filosofía premarxista -- _tSurgimiento y desarrollo de la filosofía del marxismo -- _tLa materia y formas de su existencia -- _tLa materia y la conciencia -- _tLa dialéctica marxista como doctrina del desarrollo y concatenación universal -- _tLeyes fundamentales de la dialéctica materialista -- _tCategorías de la dialéctica materialista -- _tTeoría del conocimiento del materialismo dialéctico -- _tQué estudia el materialismo histórico. |
|
| 505 | 0 |
_tLa filosofía como ciencia -- _tLa lucha entre el materialismo y el idealismo en la filosofía premarxista -- _tSurgimiento y desarrollo de la filosofía del marxista. |
|
| 590 | _aInventariado, 2018 /LP | ||
| 650 | 4 |
_aFilosofía _9813 |
|
| 650 | 4 |
_aMaterialismo dialéctico _9845 |
|
| 650 | 4 |
_aFilosofía marxista _9846 |
|
| 700 | 1 |
_aUribes, V., _etraductor _4tr. _9847 |
|
| 910 | _aValidado. Control de calidad MMOLINA | ||
| 942 |
_2ddc _cLBS1 |
||
| 999 |
_c31998 _d31998 |
||